| 000 | 00505nam a22001817a 4500 | ||
|---|---|---|---|
| 082 |
_a531.12 _bMER _cL-5, P-9 |
||
| 100 |
_aMeriam J. L. _913089 |
||
| 245 |
_aMechanics _cJ. L. Meriam |
||
| 250 | _a2nd | ||
| 260 |
_aUSA _bJohn Wiley & Sons, Inc. _c1959 |
||
| 300 | _axvi, 413.p: | ||
| 526 |
_a0 _b0 _c0 _d531_120000000000000_MER |
||
| 526 |
_a0 _b0 _c0 _d620_000000000000000_103MER |
||
| 526 |
_a0 _b0 _c0 _d620_103000000000000_MER |
||
| 650 |
_aMCE _9379 |
||
| 700 |
_aJ. L. Meriam _913429 |
||
| 942 |
_2ddc _cBK |
||
| 999 |
_c544301 _d544301 |
||